000 00267nam a22001217a 4500
008 190305b xxu||||| |||| 00| 0 eng d
041 _aeng
080 _22nd
_a371
100 _a46
101 _aEDU
245 _aThe Business School
_cKiyosaki,R.T
942 _2udc
_cBK
999 _c54565
_d54565